000 00437nam a2200157 a 4500
005 20260418155856.0
008 260407s2026##################000#0#eng##
020 _a9781860649974
_qhbk
041 _aeng
082 0 4 _a349.56 DUP
100 _aDupret, Baudouin
245 1 0 _aStanding trial: Law and the person in the modern
_cBaudouin Dupret
260 _aLondn:
_bI B Tauris,
_c2004
300 _avii;382 p.
_c20 cm.
942 _cENGLISH
999 _c619051
_d619051